Largest Cities by Canadian Province - Statistics

General Stats
  • This quiz has been taken 56 times
  • The average score is 27 of 50
Answer Stats
Population Municipality % Correct
1,306,784 Calgary
100%
1,010,899 Edmonton
100%
662,248 Vancouver
97%
749,607 Winnipeg
97%
439,819 Halifax (regional municipality)
94%
1,762,949 Montréal
94%
934,243 Ottawa
94%
549,459 Québec
94%
69,895 Saint John
94%
266,141 Saskatoon
94%
110,525 St. John's
94%
2,731,571 Toronto
94%
226,404 Regina
91%
63,116 Fredericton
81%
536,917 Hamilton
75%
79,470 Moncton
75%
100,844 Red Deer
75%
38,809 Charlottetown
72%
721,599 Mississauga
72%
568,322 Surrey
69%
593,638 Brampton
66%
438,366 Laval
63%
33,665 Moose Jaw
59%
51,313 Brandon
50%
209,937 Richmond
50%
249,125 Burnaby
47%
291,041 Gatineau
47%
153,524 Abbotsford
44%
254,483 Longueuil
41%
98,406 Lethbridge
38%
13,270 Portage la Prairie
31%
37,756 Prince Albert
31%
16,001 Summerside
31%
74,100 Airdrie
28%
93,694 Cape Breton (regional municipality)
28%
27,168 Conception Bay South
28%
22,477 Mount Pearl
28%
19,333 Corner Brook
25%
17,806 Steinbach
25%
16,750 Swift Current
25%
22,957 Paradise
22%
6,574 Cornwall
19%
28,114 Dieppe
19%
20,584 Riverview
19%
47,918 Kings (county municipality)
16%
13,745 Winkler
16%
25,545 Lunenburg (district municipality)
9%
10,927 Stratford
9%
7,883 Three Rivers
3%
36,044 Colchester (county municipality)
0%
No matching quizzes found
Score Distribution
Percent of People with Each Score
Percentile by Number Answered
Your Score History
You have not taken this quiz